Alcantarillas de arco de hormigón reforzado

Guardado en:
書目詳細資料
主要作者: Tioli Avila, Marco Antonio
格式: 未知
出版: [San José, Costa Rica] 1967
主題:
標簽: 添加標簽
沒有標簽, 成為第一個標記此記錄!

MARC

LEADER 00000 a2200000 4500
003 011211
005 20221231143811.0
008 140114s1967 c a m 000 ||s d
040 |c cru CEDI 
090 |a TFG 250 
100 |a Tioli Avila, Marco Antonio  |9 17661 
245 |a Alcantarillas de arco de hormigón reforzado 
260 |c 1967  |a  [San José, Costa Rica] 
300 |a 105 hojas : ilustraciones, cuadros ; 27 cm  
500 |a Tesis (Ingeniero Civil) Universidad de Costa Rica  
650 |x ALCANTARILLAS  |9 17662 
942 |c TFG 
999 |c 12166  |d 12166